000 00696nam a2200241 i 4500
001 C2-0269555
003 PPAK
005 20180728000212.0
008 060808s2005 xx a|||| ||||| | chi d
020 _a9838209368
040 _aPPAK
_beng
_cPPAK
_erda
082 0 4 _a398.2
_223
090 0 0 _a398.2
_bHON
_dK
100 0 _aHong Ying,
_eauthor
245 1 0 _aXiang dang tai yang de xiao gou
264 1 _a[place of publication not identified] :
_bUnited Publishing House ,
_c[2005]
300 _a78 pages :
_billustrations ;
_c21 cm
336 _2rdacontent
_atext
337 _2rdamedia
_aunmediated
338 _2rdacarrier
_avolume
650 1 0 _aFolk literature, Chinese.
942 _ddc
_cB
999 _c78234
_d78234